Statystyki dla Przetłumacz na angielski Poziom A1

Kliknij tutaj aby rozwiązać quiz!

Ogólne statystyki

  • Ten quiz został rozwiązany 2 712 razy
  • Średni wynik to 19 z 20

Statystyki odpowiedzi

HintOdpowiedź% Poprawnych
piesdog
100%
różowypink
100%
jabłkoapple
99%
niebieskiblue
99%
siedemseven
99%
dwatwo
99%
żółtyyellow
99%
czarnyblack
98%
czteryfour
98%
głowahead
98%
osiemeight
97%
czastime
97%
słońelephant
96%
latosummer
96%
miastocity
95%
księżycmoon
94%
sokjuice
93%
podłogafloor
89%
kawacoffee
88%
smokdragon
87%

Rozkład punktacji

Percentyl według liczby udzielonych odpowiedzi

Procent ludzi z każdym wynikiem

Twoja historia wyników

Nie rozwiązałeś tego quizu